MARC

LEADER 00000nam0a2200000 4500
001 335180
005 20231102004728.0
035 |a (RuTPU)RU\TPU\book\361542 
090 |a 335180 
100 |a 20170918d1994 m y0rusy50 ca 
101 0 |a rus 
102 |a RU 
105 |a a z 000zd 
200 1 |a Доминанта  |e рассказы, эссе, очерки  |f О. Гомазков 
210 |a Москва  |c [Б. и.]  |d 1994 
215 |a 136 с.  |c ил. 
600 1 |a Сеченов  |b И. М.  |f 1829-1905  |g Иван Михайлович  |c русский физиолог  |2 stltpush  |3 (RuTPU)RU\TPU\pers\4406 
600 1 |a Лысенко  |b Т. Д.  |c советский агроном  |c академик АН Украины  |f 1898-1976  |g Трофим Денисович  |c академик АН СССР  |2 stltpush  |3 (RuTPU)RU\TPU\pers\12830 
606 1 |a Биология  |2 stltpush  |3 (RuTPU)RU\TPU\subj\68258  |9 83692 
606 1 |a Медицина  |2 stltpush  |3 (RuTPU)RU\TPU\subj\41780  |9 61564 
610 1 |a художественные произведения 
610 1 |a дневники 
610 1 |a современные проблемы 
610 1 |a ученые-биологи 
610 1 |a врачи 
675 |a 57(09)  |v 4 
675 |a 61(09)  |v 4 
700 1 |a Гомазков  |b О.  |g Олег 
801 1 |a RU  |b 63413507  |c 20170918 
801 2 |a RU  |b 63413507  |c 20220902  |g RCR 
942 |c BK